| 000 | 01362nas a2200433 4500 | ||
|---|---|---|---|
| 001 | BR0800273 | ||
| 003 | BR-BrBNA | ||
| 005 | 20231205111424.0 | ||
| 007 | ta | ||
| 008 | 230509b bl.|||p| |||| 00| 00por d | ||
| 040 |
_aBR-BrBNA _bpor _cBiblioteca Nacional de Agricultura |
||
| 041 | _a(Pt) | ||
| 072 | _aL73 | ||
| 100 | 1 | _aVasconcellos, S.A. | |
| 100 | 1 | _aBarbarini Júnior, O. | |
| 100 | 1 | _aUmehara, O. | |
| 100 | 1 | _aMorais, Z.M. | |
| 100 | 1 | _aCortez, A. | |
| 100 | 1 | _aPinheiro, S.R. | |
| 100 | 1 | _aFerreira, F. | |
| 100 | 1 | _aFávero, A.C.M. | |
| 100 | 1 | _aFerreira Neto, J.S. | |
| 245 | 1 | _aLeptospirose bovina, níveis de ocorrência e sorotipos predominantes em rebanhos dos estados de Minas Gerais, São Paulo, Rio de Janeiro, Paraná, Rio Grande do Sul e Mato Grosso do Sul. Período de janeiro a abril de 1996 | |
| 650 | _aDOENÇA ANIMAL | ||
| 650 | _aLEPTOSPIROSE | ||
| 650 | _aBACTÉRIA | ||
| 650 | _aVACINA | ||
| 650 | _aIMUNIZAÇÃO | ||
| 650 | _aBOVINO | ||
| 650 | _aMINAS GERAIS | ||
| 650 | _aSÃO PAULO | ||
| 650 | _aRIO DE JANEIRO | ||
| 650 | _aPARANÁ | ||
| 650 | _aRIO GRANDE DO SUL | ||
| 650 | _aMATO GROSSO DO SUL | ||
| 773 | 0 |
_tArquivos do Instituto Biológico (Brazil) _xISSN 0020-3653 _g(Jul-Dec 1997), v. 64(2) p. 7-15 _wBR0800273 |
|
| 909 |
_a202311 _bLúcia _c55 _dLúcia Elande |
||
| 942 |
_2AGRIS _n0 _cANA |
||
| 999 |
_c192636 _d192636 |
||